000 00479nam a2200193 a 4500
001 BRCA_4225
005 20190320204606.0
008 100610s1950----enka######---#000-0#eng-#
041 _aeng
044 _aenk
050 4 _aNK2385
_b.M37 1950
245 1 0 _aMaple & Co
_bIllustrations of Furniture.
260 _aLondres
_bMaple & Co
_c1950
300 _a295 p.
_bil.
_c24 cm.
500 _aAM37
650 1 4 _aMuebles en madera
_zLondres
_910888
902 _aGFM
942 _2lcc
_cB
999 _c3936
_d3936